000 01404nam a22003017a 4500
001 1085
005 20230803144408.0
008 230721b cb ||||| |||| 00| 0 khr d
020 _a9789996305016
040 _aFISKH
_beng
_cFISKH
_dFISKH
082 _a641.3
100 _aDary, Heng
245 _aសៀវភៅរូបភាពអាហារ /
246 _aPicture book food
250 _a10th Published in March 2022.
260 _aPhnom Penh :
_bSipar,
_c2022.
300 _a22 unnumbered pages :
_bcolor illustrations ;
_c20 x 21 cm.
505 _aG
520 _aរៀបរាប់អំពីអាហារដែលមានដូចជា ផ្សារ អ្នកលក់ចល័ត ផ្លែឈើ បន្លែ សាច់ អាហារម្សៅ គ្រឿងទេស អាហារផ្អែម និង ផ្ទះបាយ។ សម្រាប់មតេយ្យកម្រិតទាប
520 _aFoods and a market, street sellers, fruits, vegetables, meats, seafood, starches, groceries, drinks, and kitchen are introduced.
521 _a350
_bLexile estimate
521 _aG
_bRaz-Plus
650 _aចំណីអាហារ
_vរូបភាព
_xផ្សារ
650 _aFoods
_vPictures
_xMarket
700 _aVanthary, Oum
_cEditor
700 _aSereyrath, Chea
_cillustrator
942 _2ddc
_cBK
_n0
999 _c1085
_d1085